Works of Literature: Odd One Out Quiz Stats

Quiz Updated Jul 10, 2016

Challenge
Share
Tweet
Embed
Score 0/30 Timer 06:00
0 Plays Today
Book List Odd One Out % Correct
A) The Pit and the Pendulum
B) Carrie
C) It
???
92.1%
A) Animal Farm
B) The War of the Worlds
C) Nineteen Eighty-Four
???
89.1%
A) Through the Looking-Glass
B) Alice's Adventures in Wonderland
C) The Voyage of the Dawn Treader
???
87.8%
A) The Grapes of Wrath
B) East of Eden
C) The Catcher in the Rye
???
85.6%
A) The Sun Also Rises
B) A Farewell to Arms
C) This Side of Paradise
???
85.5%
A) Wuthering Heights
B) Sense and Sensibility
C) Pride and Prejudice
???
85.4%
A) David Copperfield
B) Around the World in Eighty Days
C) A Christmas Carol
???
84.7%
A) Breakfast at Tiffany's
B) In Cold Blood
C) To Kill a Mockingbird
???
84.5%
A) King Lear
B) Great Expectations
C) Love's Labour's Lost
???
79.2%
A) The Raven
B) The Fall of the House of Usher
C) Stopping by Woods on a Snowy Evening
???
77.5%
A) Murder on the Orient Express
B) And Then There Were None
C) The Murders in the Rue Morgue
???
75.8%
A) Ulysses
B) Waiting for Godot
C) Dubliners
???
75%
A) Breakfast of Champions
B) Cat's Cradle
C) Brave New World
???
71.9%
A) The Silmarillion
B) Harry Potter and the Sorcerer's Stone
C) The Casual Vacancy
???
70.2%
A) A Tale of Two Cities
B) The Adventures of Tom Sawyer
C) The Prince and the Pauper
???
69.4%
Book List Odd One Out % Correct
A) And Still I Rise
B) Not Without Laughter
C) I Know Why the Caged Bird Sings
???
68.2%
A) Little Women
B) A Room of One's Own
C) Mrs. Dalloway
???
68.1%
A) War and Peace
B) Anna Karenina
C) The Brothers Karamazov
???
68.1%
A) The Sound and the Fury
B) Absalom, Absalom!
C) Of Mice and Men
???
68.1%
A) Oliver Twist
B) The Picture of Dorian Gray
C) De Profundis
???
66.2%
A) Slaughterhouse-Five
B) The Martian Chronicles
C) Fahrenheit 451
???
60.4%
A) Anne of Green Gables
B) Ariel
C) The Bell Jar
???
56.6%
A) Bartleby, the Scrivener
B) Moby-Dick
C) The Scarlet Letter
???
55.5%
A) The Beautiful and Damned
B) A Moveable Feast
C) The Great Gatsby
???
53.8%
A) The Last Battle
B) The Two Towers
C) The Adventures of Tom Bombadil
???
49.3%
A) The Graveyard Book
B) The Colour of Magic
C) Coraline
???
46.2%
A) The Metamorphosis
B) Crime and Punishment
C) In the Penal Colony
???
41.3%
A) Pygmalion
B) A Doll's House
C) Man and Superman
???
39%
A) Civil Disobedience
B) Nature
C) Self-Reliance
???
21.2%
A) Villette
B) The Tenant of Wildfell Hall
C) Jane Eyre
???
20.2%

You're not logged in!

Compare scores with friends on all Sporcle quizzes.
Join for Free
OR
Log In

You Might Also Like...

Show Comments

Extras

Top Quizzes Today


Score Distribution

Your Account Isn't Verified!

In order to create a playlist on Sporcle, you need to verify the email address you used during registration. Go to your Sporcle Settings to finish the process.

Report this User

Report this user for behavior that violates our Community Guidelines.

Details: